PEDRO HENRIQUEZ UREÑA: APUNTES PARA UNA BIOGRAFIA/

Na minha lista:
Detalhes bibliográficos
Autor principal: Henriquez Ureña de Hlito, Sonia (autor)
Formato: Livro
Assuntos:
Tags: Adicionar Tag
Sem tags, seja o primeiro a adicionar uma tag!

MARC

LEADER 00000nam^a2200000^a^4500
001 000215703
005 20250521000000.0
009 20260310103634.591
020 |a 968-23-1898-X 
035 |a 040268 
037 |a Acervo Xavier Clavigero 
082 |a 860. 092  |b HEN 
100 |a Henriquez Ureña de Hlito, Sonia  |e (autor) 
245 1 0 |a PEDRO HENRIQUEZ UREÑA:  |b APUNTES PARA UNA BIOGRAFIA/  |c SONIA HENRIQUEZ UREÑA DE HLITO 
264 |a MEXICO :  |b SIGLO XXI,  |c 1993 
300 |a 162p. 
336 |a texto  |b txt  |2 rdacontenido 
337 |a sin mediación  |b n  |2 rdamedio 
338 |a volumen  |b nc  |2 rdasoporte 
649 |a XX 
650 |a Henríquez Ureña, Pedro 
910 |a Fondo General 
920 |a Impresos - Libros 
930 |a Colección General 
940 |a Literatura 
905 |a 101 
901 |a 040268  |b IT1  |c LIT  |i 040268  |u 20250521 
902 |a https://opac.biblio.iteso.mx/vufind/Record/000215703